skbl

Dr Suryya Kumar Bhuyan Library Web-OPAC
ডঃ সূৰ্য্য
কুমাৰ ভূঞা পুথিভঁৰাল ৱেব-অ'পেক

All Research Scholars are advised to clear the annual library fees to continue using Library Resources, Remote Access, Plagiarism Test and Library Clearance.

Cotton University Book Fair 2026

21 Lessons for the 21st century (Record no. 64280)

MARC details
000 -LEADER
fixed length control field 00638nam a2200193Ia 4500
001 - CONTROL NUMBER
control field 63174
008 - FIXED-LENGTH DATA ELEMENTS--GENERAL INFORMATION
fixed length control field 190328n2018 ii |||gr||||Z||||||465
020 ## - INTERNATIONAL STANDARD BOOK NUMBER
International Standard Book Number 9781787330672
082 ## - DEWEY DECIMAL CLASSIFICATION NUMBER
Classification number 909.82
100 ## - MAIN ENTRY--PERSONAL NAME
Personal name Harari, Yuval Noah,
Relator term Author.
245 #0 - TITLE STATEMENT
Title 21 Lessons for the 21st century
Statement of responsibility, etc. by Yuval Noah Harari
Medium Textual Documents
250 ## - EDITION STATEMENT
Edition statement 1st ed.
260 ## - PUBLICATION, DISTRIBUTION, ETC.
Place of publication, distribution, etc. London
Name of publisher, distributor, etc. Jonathan Cape
Date of publication, distribution, etc. 2018
300 ## - PHYSICAL DESCRIPTION
Extent xv, 352p:
Dimensions 21cm.
653 ## - INDEX TERM--UNCONTROLLED
Uncontrolled term History
653 ## - INDEX TERM--UNCONTROLLED
Uncontrolled term World history, war, terrorism, Liberty, equality, secularism, Lessons for the 21st century, 21 lessons, 21 Lessons for the 21st century
653 ## - INDEX TERM--UNCONTROLLED
Uncontrolled term G-History
942 ## - ADDED ENTRY ELEMENTS (KOHA)
Source of classification or shelving scheme Dewey Decimal Classification
Koha item type Books
Holdings
Withdrawn status Lost status Damaged status Not for loan Collection Home library Current library Shelving location Date acquired Total checkouts Full call number Barcode Date last seen Copy number Price effective from Koha item type
          Dr. Suryya Kumar Bhuyan Library Dr. Suryya Kumar Bhuyan Library   28/03/2019   909.82 Ha 212 Le 536/Cu 14/01/2024 1 28/03/2019 Books

Designed and Maintained by Team SKBL
©1901-2026

Powered by Koha